1847 1489 1986 1872 1188 1124 1128 1667 1121 1530 1630 1203 1545 1083 1776 1448 1202 1616 1283 1758 1255 1906 1634 1133 1111 1571 1832 1055 1200 1952 1485 1598 1337 1876 1701 1092 1516 1340 1570 1905 1137 1423 1251 1346 1617 1427 1697 1790 1238 1654 1298 1897 1744 1965 1711 1996 1345 1818 1897 1047 1461 1615 1500 1191 1068 1678 1591 1181 1811 1649 1014 1370 1063 1957 1351 1473 1480 1971 1491 1719 1006 1927 1972 1933 1254 1303 1226 1630 1862 1249 1592 1025 1809 1052 1157 1859 1168 1762 1895 BCNSPRNW ULIB Ver.6.0+V

เปลี่ยนเป็นภาษาไทย

Change to English
 แสดงรายละเอียดบรรณานุกรม
  กลับหน้าหลัก

Brief Record : Get Marc (ISO 2709) : E-mail record : QR code < ปิดหน้าต่าง
LEADER : 00000nam 2200000uu 4500
001    13399113158
003     ULIB
008    110928s2550||||th 000 0 tha d
020    9789744896650
050 04 QA76.75^bบ242ม 2550
100 0  บอกอ ปะยิ
245 10 มือใหม่หัดใช้ PowerPoint 2007/^cบอกอ ปะยิ
250    พิมพ์ครั้งที่ 1
260    กรุงเทพฯ :^bซัคเซส มีเดีย,^c2550
300    224 หน้า :^bภาพประกอบ ;^c22 ซม
650  7 power point
650  7 โปรแกรมคอมพิวเตอร์
710 1  ซัคเซส มีเดีย
945    ^p99^l0^i027694
995    ทศพร
999 ^a ทศพร
รายการนี้ยังไม่มีแท็ก
คุณยังไม่ได้ล็อกอิน คุณสามารถมีกิจกรรมร่วมกับเว็บไซต์ได้ แต่ต้องล็อกอินก่อน ::
  ล็อกอิน

รายการสื่อสารสนเทศ

ลำดับที่ ประเภท เลขเรียก/บาร์โค้ด สถานที่ สถานะ
- ไม่พบข้อมูล -

รายการใกล้เคียง
    ผู้แต่ง [บอกอ ปะยิ]

    หัวเรื่อง [power point]
    หัวเรื่อง [โปรแกรมคอมพิวเตอร์]

BibComment


ยังไม่เคยถูกคอมเมนท์

คอมเมนท์ทรัพยากรรายการนี้
  คอมเมนท์: มือใหม่หัดใช้ Pow..


 Copyright 2026. Bcnsprnw @Library